| 000 | 01115nam a22001937a 4500 | ||
|---|---|---|---|
| 999 |
_c63024 _d63024 |
||
| 003 | Ge_BSU | ||
| 005 | 20250508123907.0 | ||
| 008 | 250508s1980 ge ||||| |||| 00| 0 geo d | ||
| 041 | _ageo | ||
| 080 | _a338.43(076.5) ს-72 | ||
| 245 |
_aსოფლის მეურნეობის ეკონომიკის პრაქტიკუმი : _b[დამხმ. სახელმძღვ. სას-სამ. უმაღლ. სასწ. ეკონომ. სპეც. სტუდენტებისათვის] / _c ვ.ი. ირჟიჩკოს რედ. |
||
| 250 | _aთარგმანი მე-2 შევს. და გადამ. რუს. გამოც. | ||
| 264 |
_aთბ. : _b განათლება, _c1980. |
||
| 300 |
_a275 გვ. ; _b21 სმ. |
||
| 653 | _aსოფლის მეურნეობის ეკონომიკა | ||
| 653 | _aპრაქტიკული სახელმძღვანელოები | ||
| 700 |
_aირჟიჩკო, ვ.ი. _eრედაქტორი _925024 |
||
| 942 |
_2udc _cᲬᲘᲒᲜᲘ |
||